Plan y programas de estudio para el primer y segundo año de enseñanza básica: nivel básico 1

Saved in:
Bibliografiske detaljer
Format: Bog
Sprog:spansk
Udgivet: Santiago Ministerio de Educación 1996
Serier:La Reforma en Marcha
Fag:
Tags: Tilføj Tag
Ingen Tags, Vær først til at tagge denne postø!

MARC

LEADER 00000nam a2200000 a 4500
001 UCT8998
003 CL-VaPUC
008 970404e19960000CL |||||||||||||||||spa|d
082 0 4 |a 371.3  |b MIN  |2 21 
245 1 0 |a Plan y programas de estudio para el primer y segundo año de enseñanza básica: nivel básico 1 
300 |a 241 p 
942 |c BK 
945 |d 19970404 00:00:00  |a rleighto 
260 |a Santiago  |b Ministerio de Educación  |c 1996 
650 0 |a Programas de estudios  |9 341189 
650 0 |a Currículo  |9 307290 
650 0 |a Educación básica   |9 224933 
650 0 |a Aprendizaje   |9 254827 
650 0 |a Lenguaje   |9 265069 
650 0 |a Comunicación   |9 257251 
650 0 |a Educación artística  |9 269035 
650 0 |a Educación física  |9 240893 
650 0 |a Educación tecnológica  |9 307597 
650 0 |a Matemáticas  |x Enseñanza  |9 875527 
583 |a last modification  |c 19970404 00:00:00  |k Rodrigo Vera 
490 0 |a La Reforma en Marcha 
999 |c 257461  |d 257459 
952 |0 0  |1 0  |4 0  |6 371_300000000000000_MIN_1996  |7 0  |8 P  |9 280929  |a BIBEDU  |b BIBEDU  |c BIBEDU_PB  |d 2019-11-19  |i 3327582  |o 371.3 MIN 1996  |p 3327582  |r 2024-01-25  |w 2019-11-19  |y BK  |k EDU 
952 |0 0  |1 0  |4 0  |6 371_300000000000000_MIN_1996  |7 0  |8 P  |9 280930  |a BIBEDU  |b BIBEDU  |c BIBEDU_PB  |d 2019-11-19  |i 386104K  |o 371.3 MIN 1996  |p 386104K  |r 2024-01-25  |w 2019-11-19  |y BK  |k EPE